| 000 | 00571nas a2200229 a 4500 | ||
|---|---|---|---|
| 999 |
_c2599 _d2599 |
||
| 006 | aw||p|r|||| 00| 01 | ||
| 007 | ta | ||
| 008 | 200625c19939999ii wr|p| |||| 00| a1eng d | ||
| 040 |
_aKO _beng |
||
| 041 | 0 | _aeng | |
| 044 | _aii | ||
| 082 | 0 | 4 |
_223 _a052 _bH225 |
| 245 | 1 | 0 | _aHarisree |
| 260 |
_aKozhikode : _bThe Mathrubhumi Printing & Publishing Co. Ltd., _c1993-- |
||
| 300 |
_a-v : _bcol. ill. ; _c25 cm. |
||
| 310 |
_aWeekly _b(1993)- |
||
| 362 | _aVol. 1, no. 1 (1993)- | ||
| 650 | 0 |
_aCompetition _vPeriodicals |
|
| 904 | _aReshma_R | ||
| 942 | _cPE | ||